书目信息 |
| 题名: |
最新五笔字型和计算机基础教程
|
|
| 作者: | 王璞 主编 | |
| 分册: | ||
| 出版信息: | 西安 陕西科学技术出版社 2000.03 |
|
| 页数: | 296页 | |
| 开本: | 26cm | |
| 丛书名: | ||
| 单 册: | ||
| 中图分类: | TP391.14 | |
| 科图分类: | ||
| 主题词: | --教材 , 汉字编码--输入--教材 , 计算机应用 | |
| 电子资源: | ||
| ISBN: | 7-5369-3124-7 | |
| 000 | 00872nam0 2200265 450 | |
| 001 | 0104000024 | |
| 005 | 20051124115123.1 | |
| 010 | @a7-5369-3124-7@dCNY25.00 | |
| 100 | @20081124d2000 ekmy0chiy0120 ea | |
| 101 | 0 | @achi |
| 102 | @aCN@b610000 | |
| 105 | @ay z 000yy | |
| 106 | @ar | |
| 200 | 1 | @a最新五笔字型和计算机基础教程@AZui Xin Wu Bi Zi Xing He Ji Suan Ji Ji Chu Jiao Cheng@f王璞等主编@FWang Pu Deng Zhu Bian |
| 210 | @a西安@c陕西科学技术出版社@d2000.03 | |
| 215 | @a296页@d26cm | |
| 330 | @a本书是为计算机基础教学和计算机短期培训班编写的基础教材,特点是基于DOS、Windows 98、Word 2000、WPS 2000环境,强调其实用性。 | |
| 606 | 0 | @a@j教材 |
| 606 | 0 | @a汉字编码@x输入@j教材 |
| 606 | 0 | @a计算机应用 |
| 690 | @aTP391.14@v4 | |
| 701 | 0 | @a王璞@AWang Pu@4主编 |
| 801 | 0 | @aCN@bHTDF@c20081124 |
| 905 | @aBZT@dTP391.14@e14@f10 | |
| 906 | @dCNY25.00@n0@r1 | |
| 最新五笔字型和计算机基础教程/王璞等主编.-西安:陕西科学技术出版社,2000.03 |
| 296页;26cm |
| ISBN 7-5369-3124-7:CNY25.00 |
| 本书是为计算机基础教学和计算机短期培训班编写的基础教材,特点是基于DOS、Windows 98、Word 2000、WPS 2000环境,强调其实用性。 |
| ● |
| 相关链接 |
|
|
|
正题名:最新五笔字型和计算机基础教程
索取号:TP391.14/14
 
预约/预借
| 序号 | 登录号 | 条形码 | 馆藏地/架位号 | 状态 | 备注 |
| 1 | 722162 | 2000722162 | 中心书库中库/ 中库027架A面9列1层12/ [索取号:TP391.14/14] | 在馆 | |
| 2 | 722163 | 2000722163 | 中心书库中库/ 中库027架A面9列1层14/ [索取号:TP391.14/14] | 在馆 | |
| 3 | 722164 | 2000722164 | 中心书库中库/ 中库027架A面9列1层15/ [索取号:TP391.14/14] | 在馆 | |
| 4 | 722165 | 2000722165 | 中心书库中库/ 中库027架A面9列1层18/ [索取号:TP391.14/14] | 在馆 | |
| 5 | 722166 | 2000722166 | 中心书库中库/ 中库027架A面9列1层16/ [索取号:TP391.14/14] | 在馆 | |
| 6 | 722167 | 2000722167 | 中心书库中库/ 中库027架A面9列1层20/ [索取号:TP391.14/14] | 在馆 | |
| 7 | 722168 | 2000722168 | 中心书库中库/ 中库027架A面9列1层11/ [索取号:TP391.14/14] | 在馆 | |
| 8 | 722169 | 2000722169 | 中心书库中库/ 中库027架A面9列1层13/ [索取号:TP391.14/14] | 在馆 | |
| 9 | 722170 | 2000722170 | 中心书库中库/ 中库027架A面9列1层17/ [索取号:TP391.14/14] | 在馆 | |
| 10 | 722171 | 2000722171 | 中心书库中库/ 中库027架A面9列1层19/ [索取号:TP391.14/14] | 在馆 |